000 00626cam a22002294a 4500
003 UPN
005 20240228063632.0
008 090520s1998 es a r 000 f spa d
020 _a8495129027
035 _aUPN01000170537
040 _aUPN
_bspa
_cUPN
049 _aI
050 4 _aPQ6719 A4.9
_bH8.5
100 1 _aSanz, Ignacio,
_d1953-
_943421
245 1 3 _aEl humo de los trenes /
_cIgnacio Sanz ; il. Cristina Peláez.
260 _aMálaga, Esp. :
_bSarriá,
_c[2000?].
300 _a91 p. :
_bil.
490 0 _aLeones
650 4 _aLiteratura infantil española
_95892
905 _aInfantil
942 _2lcc
_cLIBRO
999 _c142642
_d142642